| 000 | 00645cam a22002171 4500 | ||
|---|---|---|---|
| 999 |
_c6877 _d6877 |
||
| 020 | _a9789869515122 | ||
| 100 | 1 | _a譚敦慈 | |
| 245 | 1 | 0 |
_a譚敦慈的無毒好生活 / _c譚敦慈著 |
| 250 | _a第一版 | ||
| 260 |
_a臺北市 : _b天下生活出版 ; _a[新北市] : _b大和圖書總經銷, _c2017. |
||
| 300 |
_a189 面 : _b彩圖, 表 ; _c22 公分 |
||
| 490 | 1 |
_a優生活 ; _v9. |
|
| 942 |
_2ccl _cBOOK |
||